00723nam a22002057a 4500003000900000008004100009040007100050082001800121100002200139245003200161260003700193300002500230505016400255650001500419650001300434650001100447650001000458700003000468700001900498AR-CdUCM190305b ||||| |||| 00| 0 spa d aMUNICIPALIDAD PROVINCIAL DEL CUSCOcBIBLIOTECA MUNICIPAL DEL CUSCO a321.4 /bSA26 aSartori, Giovanni aAspectos de la Democracia / aMexico :bLimusa - Wiley,c1965. a475 paginas ;c24cm. aContenido- Democracia Etimologica -- El quid pro quo del realismo politico -- Perfeccionismo y utopia -- Democracia gobernada -- Democracia jefatura y elite... aDemocracia aGobierno aMexico aLeyes aCastillo Dibildox, Rafael aEsteve, Martin